ქალაქი "Eoupiov"-ი = The city of "Eoupiov" / (ბიბ.ჩანაწერი № 59953)
[ მარტივი ფორმატი ]
| 000 -ლიდერი | |
|---|---|
| ფიქსირებული სიგრძის საკონტროლო ველი | 02121nam a22002537a 4500 |
| 003 - საკონტროლო ნომრის იდენტიფიკატორი | |
| საკონტროლო ველი | Ge_BSU |
| 005 - ბოლო ოპერაციის თარიღი და დრო | |
| საკონტროლო ველი | 20230522165923.0 |
| 008 - ფიქსირებული სიგრძის მონაცემთა ელემენტები - ზოგადი ინფორმაცია | |
| ფიქსირებული სიგრძის საკონტროლო ველი | 230522s2014 ge ||||| |||| 00| 0 geo d |
| 020 ## - წიგნის საერთაშორისო სტანდარტული ნომერი | |
| International Standard Book Number | 9789941445538 |
| 041 ## - ენის კოდი | |
| Language code of text/sound track or separate title | geo |
| 080 ## - უნივერსალური ათობითი კლასიფიკაციის ინდექსი | |
| Universal Decimal Classification number | 94(395.3) ყ-56 |
| 100 ## - მთავარი ჩანაწერი - პიროვნების სახელი | |
| Personal name | ყიფიანი, გურამ |
| 9 (RLIN) | 13514 |
| 245 ## - ცნობა სათაურის შესახებ | |
| Title | ქალაქი "Eoupiov"-ი = The city of "Eoupiov" / |
| Statement of responsibility, etc | გურამ ყიფიანი; თარგმ. ლელა დუმბაძისა; "რედაქტორისაგან" - თარგმ. მედეა ხორავასი; სამეცნ. რედ. გურამ ლორთქიფანიძე; ვანის რ-ნის ძველი, ახალი და უახლესი ისტორიის ეთნოლოგიისა და ფოლკლორის კვლევების ცენტრი. |
| 264 ## - წარმოების, გამოცემის, დისტრიბუციის და სხვა ცნობები | |
| გამოცემის, წარმოების, დისტრიბუციის... ადგილი | თბილისი : |
| გამოცემის, წარმოების, დისტრიბუციის... სახელწოდება | არტანუჯი, |
| გამოცემის, წარმოების, დისტრიბუციის... თარიღი | 2014. |
| 300 ## - ფიზიკური აღწერა | |
| Extent | 216 გვ. : |
| Other physical details | ნახ. |
| Dimensions | 23 სმ. |
| 500 ## - ზოგადი შენიშვნა | |
| General note | წიგნი ეძღვნება ვანის რაიონის საზოგადოებას. |
| 501 ## - შენიშვნა თანმხლებ მასალაზე | |
| With note | პარალ. თავფურ. ინგლ. ტექსტი ქართ. და ინგლ. |
| 504 ## - BIBLIOGRAPHY, ETC. NOTE | |
| Bibliography, etc | ბიბლიოგრ. ტექსტის შენიშვნებში |
| 653 ## - INDEX TERM--UNCONTROLLED | |
| Uncontrolled term | საქართველოს უძველესი ქალაქები. |
| 700 ## - ADDED ENTRY--PERSONAL NAME | |
| Personal name | დუმბაძე, ლელა |
| Relator term | მთარგმნელი |
| 9 (RLIN) | 16168 |
| 700 ## - ADDED ENTRY--PERSONAL NAME | |
| Personal name | ლორთქიფანიძე, გურამ |
| Relator term | რედაქტორი |
| 9 (RLIN) | 15412 |
| 710 ## - ADDED ENTRY--CORPORATE NAME | |
| Corporate name or jurisdiction name as entry element | ვანის რ-ნის ძველი, ახალი და უახლესი ისტორიის ეთნოლოგიისა და ფოლკლორის კვლევების ცენტრი |
| Subordinate unit | ილიას სახელმწ. უნ-ტის პალეოურბანული კვლევების ლაბორატორია |
| 9 (RLIN) | 18174 |
| 942 ## - ADDED ENTRY ELEMENTS (KOHA) | |
| Source of classification or shelving scheme | |
| Koha item type | წიგნი |
| ჩამოწერის სტატუსი | დაკარგული ეგზემპლარის სტატუსი | კლასიფიკაციის წყარო ან თაროზე გაწყობის სქემა | დაზიანების სტატუსი | არ გაიცემა | მუდმივი მდებარეობა (დაცვის ადგილი) | ამჟამინდელი ადგილსამყოფელი | თაროზე განთავსების ადგილი | შეძენის თარიღი | ღირებულება, შესყიდვის ნორმალური ფასი | სრული შენახვის შიფრი | შტრიხკოდი | ბოლო ოპერაციის თარიღი | ეგზემპლარის მიმდევრობითი ნომერი (კეტერი?) | Uniform Resource Identifier | ფასის ძალაში შესვლის თარიღი | ეგზემპლარის სახეობა | საჯარო შენიშვნა |
|---|---|---|---|---|---|---|---|---|---|---|---|---|---|---|---|---|---|
| ბათუმის შოთა რუსთაველის სახელმწიფო უნივერსიტეტის მთავარი ბიბლიოთეკა | ბათუმის შოთა რუსთაველის სახელმწიფო უნივერსიტეტის მთავარი ბიბლიოთეკა | წიგნსაცავი | 2023-05-22 | 10.00 | 94(395.3) ყ-56 | 64417 | 2023-05-22 | 64417 | ბსუ-ს საპატიო დოქტორის გურამ ლორთქიფანიძის საჩუქარი | 2023-05-22 | წიგნი | 10 ლ. | |||||
| ტექნოლოგიური ფაკულტეტის ბიბლიოთეკა | ტექნოლოგიური ფაკულტეტის ბიბლიოთეკა | წიგნსაცავი | 2023-05-22 | 94(395.3) ყ-56 | 27284 | 2023-05-22 | 27284 | 2023-05-22 | წიგნი |
